Cartoon Feet: Nickelodeon Quiz Stats

 Plays Quiz Updated Jan 18, 2018

Challenge
Share
Tweet
Score 0/18 Timer 05:00
0 Plays Today
% Correct
SpongeBob SquarePants (SpongeBob SquarePants)
97.4%
Jimmy Neutron (The Adventures of Jimmy Neutron: Boy Genius)
78.4%
Dora Márquez (Dora the Explorer)
76.9%
Arnold (Hey Arnold!)
73.5%
Doug Funnie (Doug)
73.3%
Chuckie Finster (Rugrats)
72.7%
Timmy Turner (The Fairly OddParents)
68.3%
Rocko (Rocko's Modern Life)
59.9%
Danny Phantom (Danny Phantom)
55.6%
% Correct
CatDog (CatDog)
55.5%
Aang (Avatar: The Last Airbender)
55.2%
Raphael (Teenage Mutant Ninja Turtles)
53.5%
Stimpy (The Ren & Stimpy Show)
52.3%
Zim (Invader Zim)
40.4%
Otto Rocket (Rocket Power)
29.3%
Jenny Wakeman (My Life as a Teenage Robot)
26.2%
Eliza Thornberry (The Wild Thornberrys)
25.4%
Daggett Beaver (The Angry Beavers)
24.1%

You're not logged in!

Compare scores with friends on all Sporcle quizzes.
OR
Log In

You Might Also Like...

Show Comments

Extras

Top Quizzes Today


Score Distribution

Your Account Isn't Verified!

In order to create a playlist on Sporcle, you need to verify the email address you used during registration. Go to your Sporcle Settings to finish the process.

Report this User

Report this user for behavior that violates our Community Guidelines.

Details: